[Event "ESP-ch U18"]
[Site "Salobrena"]
[Date "2023.08.02"]
[Round "5"]
[White "Gimenez Lopez, Zuhaitz"]
[Black "Morales Carmona, Jose Manuel"]
[Result "1/2-1/2"]
[WhiteElo "2056"]
[BlackElo "1906"]
[PlyCount "98"]
[EventDate "2023.07.31"]
[EventType "swiss"]
[EventRounds "9"]
[EventCountry "ESP"]
[SourceTitle "CBM 215 Extra"]
[Source "ChessBase"]
[SourceDate "2023.09.30"]
[SourceVersion "1"]
[SourceVersionDate "2023.09.30"]
[SourceQuality "1"]

1. e4 c5 2. Nf3 Nc6 3. Bb5 d6 4. 0-0 Bd7 5. Re1 e5 6. h3 Nf6 7. c3 Qb6 8. a4 Be7 9. Na3 0-0 10. Nc4 Qc7 11. d4 cxd4 12. cxd4 Nxd4 13. Nxd4 exd4 14. Qxd4 Be6 15. Ne3 a6 16. Bc4 Rac8 17. b3 Nd7 18. Bb2 Bf6 19. Qd2 Bxb2 20. Qxb2 Ne5 21. Red1 Bxc4 22. Nxc4 Nxc4 23. bxc4 h6 24. Rd4 Rfd8 25. Rad1 Qc6 26. Qb4 Rc7 27. e5 Qc5 28. Qxc5 Rxc5 29. exd6 Rc6 30. a5 Rd7 31. R1d3 f6 32. Kf1 Kf7 33. Ke2 Ke6 34. Re3+ Kf7 35. Kd2 Rcxd6 36. Rxd6 Rxd6+ 37. Kc3 f5 38. Kb4 Rd2 39. Rf3 Ke6 40. Kc5 Rb2 41. g3 g5 42. Re3+ Kf6 43. f4 h5 44. Kd6 h4 45. fxg5+ Kxg5 46. Ke5 Ra2 47. gxh4+ Kxh4 48. Kxf5 Rxa5+ 49. Ke4 Rg5 1/2-1/2

[Event "San Sebastian op 43rd"]
[Site "San Sebastian"]
[Date "2023.04.07"]
[Round "8"]
[White "Gimenez Lopez, Zuhaitz"]
[Black "Vesga Izeta, Markel"]
[Result "1-0"]
[WhiteElo "1948"]
[BlackElo "2185"]
[PlyCount "121"]
[EventDate "2023.04.01"]
[EventType "swiss"]
[EventRounds "9"]
[EventCountry "ESP"]
[SourceTitle "CBM 213 Extra"]
[Source "ChessBase"]
[SourceDate "2023.05.31"]
[SourceVersion "1"]
[SourceVersionDate "2023.05.31"]
[SourceQuality "1"]

1. e4 c5 2. Nf3 Nc6 3. Bb5 g6 4. 0-0 Bg7 5. Re1 Nf6 6. e5 Nd5 7. Nc3 Nc7 8. Bxc6 dxc6 9. h3 0-0 10. d3 b6 11. Bf4 Ne6 12. Qd2 Nxf4 13. Qxf4 Be6 14. Ng5 Qd7 15. Qh4 h6 16. Nxe6 Qxe6 17. Re4 Rad8 18. Rae1 b5 19. b3 Rd7 20. a4 a6 21. Qg3 f5 22. exf6 Qxf6 23. Nd1 Qd6 24. Qe3 e5 25. Nc3 Rdf7 26. Rg4 Kh7 27. Ne4 Qe7 28. c4 Rf5 29. Re2 h5 30. Rg3 bxa4 31. bxa4 Rb8 32. Ng5+ Kg8 33. Nf3 Kh7 34. Qe4 Qf6 35. Nh4 Rg5 36. Rxg5 Qxg5 37. g3 Rb1+ 38. Kg2 a5 39. Nf3 Qf6 40. Nxe5 Rb4 41. Qxc6 Qxc6+ 42. Nxc6 Rxa4 43. Re7 Ra3 44. Rd7 Kg8 45. Kf3 Bd4 46. Nxd4 Rxd3+ 47. Ke4 Rc3 48. Ne6 Rxc4+ 49. Ke5 Rc2 50. Kf6 Rb2 51. Kxg6 Rb8 52. Nxc5 Rb6+ 53. Kxh5 Rb5 54. Rd5 Kf7 55. f4 Ke7 56. Re5+ Kd6 57. Ne4+ Kc6 58. Rxb5 Kxb5 59. f5 Kc4 60. f6 a4 61. f7 1-0